000 00697nam a22001817a 4500
005 20170628121928.0
010 _aENG-118987
020 _a9789386296634
_c85.00
035 _aEN-102519
037 _bDBAD/PUB
082 _a480
245 _aIllimination:
_ba textbook for general english /
260 _aTelangana
_bOrient Blackswan
_c2017
270 _a3-6-752 Himayatnagar, Hyderabad-500029, Telangana, India
300 _a119p
_c22cm.(pbk)
505 _aSemester-II paper-2. BA / BSC / BFA / BVA
942 _2ddc
_cEN
_h480
_mill
999 _c142085
_d142085